| 000 | 03097njm a2200517Ia 4500 | ||
|---|---|---|---|
| 001 | B7590 | ||
| 003 | IT-RoPAU | ||
| 005 | 20220918181115.0 | ||
| 008 | 131025s9999 xx 000 0 und d | ||
| 040 | _aIT-RoPAU | ||
| 040 | _cIT-RoPAU | ||
| 999 |
_c99332 _d99332 |
||
| 999 | _bn.d. | ||
| 100 |
_aAA.VV. _9794 |
||
| 100 |
_eAutore musica _929339 |
||
| 100 |
_gCodice autore musica SPICS: 12000 _9796 |
||
| 245 | _aLast Action Hero | ||
| 250 | _a1a ed. | ||
| 260 | _aITALIA | ||
| 260 |
_bSONY MUSIC ENTERTAINMENT _c1993 [1a Ed.:1993 - Ed. Lingua Orig.: 1993] |
||
| 300 | _aCOMPACT DISC | ||
| 300 | _c56 minuti (Testo: 0 pag.) | ||
| 500 | _aColonna sonora originale del film "Last Action Hero". | ||
| 505 | _aBig Gun - What the Hell Have I (Alice in Chains) - Angry Again (Megadeth) - Two Steps Behind (Leppard Def) - Poison My Eyes (Anthrax) - Dream On (Aerosmith) - A Little Bitter (Alice in Chains) - Cock the Hammer (Cypress Hill) - Swim (Fishbone) - Last Action Hero (Tesla) - Jack and the Ripper (Michael Kamen and The Los Angeles Rock and Roll Ensemble) | ||
| 650 |
_aCOLONNA SONORA [COMPACT DISC] _eCodice MATERIA SPICS: 9949 _929340 |
||
| 700 |
_aYoung Adrian _dCodice autore musica SPICS: 24335 _eAutore musica _pBig Gun _929341 |
||
| 700 |
_aYoung M. _dCodice autore SPICS: 39049 _eAutore _pBig Gun _929342 |
||
| 700 |
_aCantrell J. _dCodice autore musica SPICS: 39050 _eAutore musica _pWhat the Hell Have I _929343 |
||
| 700 |
_aMustaine D. _dCodice autore musica SPICS: 39051 _eAutore musica _pAngry Again _929344 |
||
| 700 |
_aElliott J. _dCodice autore musica SPICS: 39052 _eAutore musica _pTwo Steps Behind _929345 |
||
| 700 |
_aBenante C. _dCodice autore musica SPICS: 39053 _eAutore musica _pPoison My Eyes _929346 |
||
| 700 |
_aIan S. _dCodice autore SPICS: 39054 _eAutore _pPoison My Eyes _929347 |
||
| 700 |
_aBush J. _dCodice autore testo/musica SPICS: 39055 _eAutore musica _pPoison My Eyes _929348 |
||
| 700 |
_aTyler S. _dCodice autore musica SPICS: 39056 _eAutore musica _pDream On _929349 |
||
| 700 |
_aStaley L. _dCodice autore musica SPICS: 39057 _eAutore musica _pA Little Bitter _929350 |
||
| 700 |
_aCantrell J. _dCodice autore SPICS: 39050 _eAutore _pA Little Bitter _929351 |
||
| 700 |
_aKinney S. _dCodice autore testo/musica SPICS: 39058 _eAutore testo/musica _pA Little Bitter _929352 |
||
| 700 |
_aFreese L. _dCodice autore musica SPICS: 39059 _eAutore musica _pCock the Hammer _929353 |
||
| 700 |
_aReyes S. _dCodice autore SPICS: 39060 _eAutore _pCock the Hammer _929354 |
||
| 700 |
_aMuggerud L. _dCodice autore testo/musica SPICS: 39061 _eAutore testo/musica _pCock the Hammer _929355 |
||
| 700 |
_aBigham J. _dCodice autore musica SPICS: 39062 _eAutore musica _pSwim _929356 |
||
| 700 |
_aHannon F. _dCodice autore musica SPICS: 39063 _eAutore musica _pLast Action Hero _929357 |
||
| 700 |
_aKeith J. _dCodice autore SPICS: 39064 _eAutore _pLast Action Hero _929358 |
||
| 700 |
_aWheat B. _dCodice autore testo/musica SPICS: 39065 _eAutore testo/musica _pLast Action Hero _929359 |
||
| 700 |
_aKamen Michael _dCodice autore musica SPICS: 26930 _eAutore musica _pJack and the Ripper _929360 |
||
| 942 |
_cCD _2ddc |
||